| 000 | 00425cam a2200169ua 4500 | ||
|---|---|---|---|
| 020 | _cRs.14/40 | ||
| 041 |
_aeng _h |
||
| 082 |
_a339.41 _bDAL/SO |
||
| 100 | _aDalton, hugh . | ||
| 245 | _asome aspects of the Inquality of incomes in modern communities | ||
| 260 |
_a : _bRoutledge & kegan paul Ltd , _c1949. |
||
| 300 | _a376 ; . | ||
| 365 | _aRs.14/40 | ||
| 504 | _a | ||
| 942 | _cBK | ||
| 999 |
_c11231 _d11231 |
||